El Estado empleador. ¿Cómo contrata la Administración pública nacional a sus agentes? / (Registro nro. 5897)
[ vista simple ]
| 000 -LEADER | |
|---|---|
| fixed length control field | 01263nab a22002417a 4500 |
| 003 - CONTROL NUMBER IDENTIFIER | |
| control field | OSt |
| 005 - DATE AND TIME OF LATEST TRANSACTION | |
| control field | 20260110001001.0 |
| 008 - FIXED-LENGTH DATA ELEMENTS--GENERAL INFORMATION | |
| fixed length control field | 190605e xxu||||| |||| 00| 0 spa d |
| 040 ## - CATALOGING SOURCE | |
| Transcribing agency | PJ |
| 100 ## - MAIN ENTRY--PERSONAL NAME | |
| 9 (RLIN) | 6770 |
| Personal name | Alderete, Manuel |
| 245 13 - TITLE STATEMENT | |
| Title | El Estado empleador. ¿Cómo contrata la Administración pública nacional a sus agentes? / |
| Statement of responsibility, etc | Manuel Alderete. |
| 260 ## - PUBLICATION, DISTRIBUTION, ETC. (IMPRINT) | |
| Place of publication, distribution, etc | Ciudad Autónoma de Buenos Aires : |
| Name of publisher, distributor, etc | Thomson Reuters La Ley, |
| Date of publication, distribution, etc | 2023. |
| 300 ## - PHYSICAL DESCRIPTION | |
| Extent | p. 5-17 |
| 500 ## - GENERAL NOTE | |
| General note | Cita: TR LALEY AR/DOC/1975/2023.<br/><br/> |
| 505 ## - FORMATTED CONTENTS NOTE | |
| Formatted contents note | Sumario: I. Introducción.— II. El trabajo en sus diversas formas: los distintos mecanismos de contratación del empleo estatal.— III. Conclusión. |
| 505 ## - FORMATTED CONTENTS NOTE | |
| Formatted contents note | Fallo comentado: TTrab. N°1, San Miguel ~ 02/03/2023 ~ Gorosito, Alejandro Alberto c. La Segunda Aseguradora de Riesgos del Trabajo SA s/ accidente de trabajo - acción especial. |
| 505 ## - FORMATTED CONTENTS NOTE | |
| Title | ¿Te interesa el texto completo? Solicitalo al correo: koha@justierradelfuego.gov.ar |
| 650 #0 - SUBJECT ADDED ENTRY--TOPICAL TERM | |
| 9 (RLIN) | 1316 |
| Topical term or geographic name as entry element | DERECHO LABORAL |
| 650 #0 - SUBJECT ADDED ENTRY--TOPICAL TERM | |
| 9 (RLIN) | 938 |
| Topical term or geographic name as entry element | EMPLEO PUBLICO |
| 650 #0 - SUBJECT ADDED ENTRY--TOPICAL TERM | |
| 9 (RLIN) | 877 |
| Topical term or geographic name as entry element | ADMINISTRACION PUBLICA |
| 773 0# - HOST ITEM ENTRY | |
| Host Biblionumber | 2711 |
| Host Itemnumber | 3168 |
| Place, publisher, and date of publication | Ciudad Autónoma de Buenos Aires : Thomson Reuters La Ley, 1999-2002. |
| Title | Revista de derecho del trabajo. Nº 5 - Septiembre 2023 |
| 942 ## - ADDED ENTRY ELEMENTS (KOHA) | |
| Source of classification or shelving scheme | |
| Koha item type | Analítica Artículo de Revista |
No hay ítems disponibles.
